Quản Trị Học

Uloženo v:
Podrobná bibliografie
Hlavní autor: Nguyễn Hoa KhôiĐồng Thị Thanh Phương
Médium: Kniha
Jazyk:Vietnamese
Vydáno: Sunshine 2008
Tagy: Přidat tag
Žádné tagy, Buďte první, kdo otaguje tento záznam!
Thư viện lưu trữ: Mạng thư viện Đại học Đà Nẵng
LEADER 00629nam a2200277 4500
001 000025558
003 1126
005 20150325120000.0
008 150325s vm 000 vie
020 |c 0,0000 
040 |a D4 
100 |a Nguyễn Hoa KhôiĐồng Thị Thanh Phương 
245 |a Quản Trị Học 
260 |b Sunshine  |c 2008 
300 |a 206tr. ; 
OWN |a LTT 
999 |a From the UDN01 
TYP |a Monograph 
TYP |a Printed language 
980 |a Mạng thư viện Đại học Đà Nẵng